00399nam a2200169Ia 4500008004100000020001800041245003600059245001600095260001500111260001600126260000900142300001600151300002500167300001000192500000800202999001900210170705s9999 xx 000 0 und d a9780590939881 4aThe kid who ran for president / cDan Gutman. aNew York : bScholastic, c1996 a156 pages : bcolor illustration ; c19cm. a730 c336340d336340